000 01789nam0a2200385 4500
001 RU\NLR\bibl\405519
005 20250622165602.0
021 _aRU
_b2003-17488
_9803
035 _a(NLR Aleph) 000399645
090 _a566977
_c566977
100 _a20030530d2002 |||y0rusy50 ca
101 0 _arus
102 _aRU
105 _aa |||||||||
200 1 _aМакроэкономическое равновесие. Экономическая теория
_eУчеб. пособие для спец. 061100 всех форм обучения
_fДобровольская Г. О.
_gМ-во образования Рос. Федерации, Сиб. гос. технол. ун-т
210 _aКрасноярск
_cСибГТУ
_d2002
215 _a43 с.
_cил.
_d21
320 _aБиблиогр.: с. 42
517 1 _aЭкономическая теория
606 0 _aЭкономическое равновесие
_jРуководства, пособия и т.п. для высшей школы
_92019462
_3RU\NLR\auth\66929236
606 0 _aЭкономическое равновесие
_jУчебные издания для высших учебных заведений
_92019462
_3RU\NLR\auth\66929236
610 0 _aЭкономическое равновесие - Математическое моделирование
610 0 _aМакроэкономика
675 _a330.101.541(075.8)
_v3
_zrus
686 _a06
_2rugasnti
686 _a65.012.1я73
_2rubbk
686 _aУ010.21я73
700 1 _aДобровольская
_bГ. О.
_gГалина Олеговна
_4070
801 0 _aRU
_bRKP
_c20030530
_gPSBO
801 1 _aRU
_bRKP
_c20030530
801 2 _aRU
_bNLR
_c20030710
_grcr
942 _cBOOK
980 _aNB